Loading...
| Science - Biology | 1 | 3 | 0 | 1 | 45 | 51 | 82.25 | 3 | 4 |
| History - American History | 1 | 2 | 0 | 0 | 35 | 28 | 64.67 | 3 | 3 |
| Auditory Arts | 2 | 0 | 0 | 0 | 30 | 42 | 54.00 | 2 | 2 |
| Social Science | 0 | 3 | 1 | 1 | 25 | 88 | 92.67 | 0 | 3 |
| Current Events | 0 | 2 | 0 | 0 | 20 | 75 | 84.00 | 1 | 2 |
| Science - Physics | 1 | 1 | 1 | 0 | 20 | 61 | 86.50 | 2 | 2 |
| History - European History | 0 | 3 | 2 | 1 | 20 | 66 | 95.00 | 1 | 3 |
| Beliefs | 0 | 2 | 1 | 1 | 15 | 130 | 130.50 | 0 | 2 |
| Science - Chemistry | 0 | 2 | 1 | 0 | 15 | 86 | 89.00 | 1 | 2 |
| Literature - American Literature | 0 | 1 | 0 | 1 | 10 | 154 | 154.00 | 0 | 1 |
| Geography | 0 | 1 | 0 | 0 | 10 | 91 | 91.00 | 0 | 1 |
| Science - Other Science | 1 | 0 | 1 | 0 | 10 | 67 | 67.00 | 1 | 1 |
| Fine Arts - Other Arts | 0 | 1 | 0 | 0 | 10 | 133 | 133.00 | 0 | 1 |
| Literature - European Literature | 0 | 1 | 0 | 0 | 10 | 93 | 93.00 | 0 | 1 |